Mối quan hệ giữa năng lực tư duy ngôn ngữ và thành tích học tập của sinh viên /

Gespeichert in:
Bibliographische Detailangaben
1. Verfasser: Trần Thành Nam.
Weitere Verfasser: Trần Thị Huyền Anh.
Format: Artikel
Sprache:Vietnamese
Schlagworte:
Tags: Tag hinzufügen
Keine Tags, Fügen Sie den ersten Tag hinzu!
Thư viện lưu trữ: Thư viện Trường Đại học Đà Lạt
LEADER 00882nam a2200277 4500
001 DLU180186775
005 ##20180905
040 # # |a DLU  |b vie 
041 # # |a vie 
044 # # |a vn 
100 # # |a Trần Thành Nam. 
245 # # |a Mối quan hệ giữa năng lực tư duy ngôn ngữ và thành tích học tập của sinh viên /  |c Trần Thành Nam, Trần Thị Huyền Anh. 
653 # # |a Năng lực tư duy ngôn ngữ  
653 # # |a Sinh viên 
653 # # |a Thành tích học tập  
700 # # |a Trần Thị Huyền Anh. 
773 # # |t Tâm lý học  |g Số 9(222), 2017, tr. 1-13 
920 # # |a Phòng Tạp chí -- Trung tâm Thông tin - Thư viện Trường Đại học Đà Lạt 
994 # # |a DLU 
900 # # |a True 
911 # # |a Nguyễn Thị Thu Phương 
925 # # |a G 
926 # # |a A 
927 # # |a BB 
980 # # |a Thư viện Trường Đại học Đà Lạt